| 000 | 01233nam0a22002891 4500 | ||
|---|---|---|---|
| 001 | rc\346118 | ||
| 005 | 20260405075409.0 | ||
| 035 | _a(NLR Aleph) 005589373 | ||
| 090 |
_a6195996 _c6195996 |
||
| 100 | _a20030307d1989 |||y0rusy50 ca | ||
| 101 | 0 | _arus | |
| 102 | _aRU | ||
| 105 | _aa ||||||||| | ||
| 200 | 1 | _aДоплеровская томография дна мелководных океанических волноводов | |
| 210 |
_aГорький _cНИРФИ _d1989 |
||
| 215 |
_a14 с. _cил. _d20 |
||
| 225 | 1 |
_aПрепринт _fМ-во высш. и сред.-спец. образования РСФСР, Горьк. н.-и. радиофиз. ин-т (НИРФИ) _v№ 281 |
|
| 300 | _aНа обл. авт. не указаны | ||
| 320 | _aБиблиогр.: с. 13-14 | ||
| 700 | 1 |
_7ca _8rus _aЛазарев _bВ. А. _cканд. физ.-мат. наук _gВладимир Александрович _99994 _3RU\NLR\AUTH\7726957 |
|
| 701 | 1 |
_7ca _8rus _aПетухов _bЮ. В. _cд-р физ.-мат. наук _gЮрий Васильевич _9149005 _3RU\NLR\AUTH\770149041 |
|
| 801 | 0 |
_aRU _bNLR _gpsbo |
|
| 801 | 1 |
_aRU _bELAR _2rusmarc |
|
| 852 |
_aNLR _j91-4/10727 |
||
| 942 | _cBOOK | ||
| 980 | _aNB | ||